Aplicación de microorganismos nativos( Tricoderma Harzianum) como promotores del crecimiento en el cultivo de la papa en 3 Centros Experimenta (CEA-NI, Finca Las Mercedes-UNA, Centro Experimental UNAN-León)
La presenta investigación se desarrolló en centros de experimentación agrícola CEA-UNI, ubicado en el municipio de Tisma departamento de Masaya, CEA-UNAN LEON, departamento de León y finca Las Mercedes de la UNA, ubicada en el municipio de Managua. Los 3 sitios presentan un clima similar tropic...
| Main Authors: | , , |
|---|---|
| Other Authors: | |
| Format: | Tesis Section = Libro |
| Language: | Undetermined Spanish |
| Published: |
Managua
UNI
2016
|
| Subjects: |
| LEADER | 01343nam a2200277Ia 4500 | ||
|---|---|---|---|
| 008 | 240830s9999 xx 000 0 und d | ||
| 040 | |a BIBLIOTECA-RUPAP Mon 635.21 G897 | ||
| 041 | |a spa | ||
| 082 | |a Mon 635.21 G897 | ||
| 100 | 1 | |a Guadamuz Bamuty, Fernán Rodrigo | |
| 100 | 1 | |b Solórzano Guerrero, Walter Arnulfo | |
| 100 | 1 | |c Reyes Mena, Luis Alberto | |
| 245 | 1 | 0 | |a Aplicación de microorganismos nativos( Tricoderma Harzianum) como promotores del crecimiento en el cultivo de la papa en 3 Centros Experimenta (CEA-NI, Finca Las Mercedes-UNA, Centro Experimental UNAN-León) |
| 260 | |a Managua |b UNI |c 2016 | ||
| 300 | |a 102 p. :il. | ||
| 500 | |a Contiene: anexos y CD. | ||
| 502 | |a Tesis (Ingeniero Agrícola)- UNI, 2016. | ||
| 520 | 3 | |a La presenta investigación se desarrolló en centros de experimentación agrícola CEA-UNI, ubicado en el municipio de Tisma departamento de Masaya, CEA-UNAN LEON, departamento de León y finca Las Mercedes de la UNA, ubicada en el municipio de Managua. Los 3 sitios presentan un clima similar tropical de sabana y con una altitud que no supera los 100 msnm. | |
| 650 | 7 | |a PAPA-CULTIVO | |
| 650 | 7 | |b PAPA-PRODUCCION | |
| 650 | 7 | |c MICROORGANISMOS | |
| 650 | 7 | |d FINCAS AGRICOLAS | |
| 700 | 1 | |a Tutor: |b Méndez Úbeda, José Mamerto | |
| 942 | |c BK |2 ddc | ||
| 991 | |a TESIS | ||
| 999 | |c 16763 | ||